|
|
|
|
| LEADER |
01106pam a22003498a 4500 |
| 001 |
00040046 |
| 005 |
20171026081025.0 |
| 008 |
170918s2017 ||||||Viesd |
| 041 |
0 |
# |
|a Vie
|
| 082 |
1 |
4 |
|a 338.4
|b B103GI
|
| 100 |
1 |
# |
|a Trần, Thanh Thảo Uyên
|e Biên soạn
|
| 245 |
0 |
0 |
|a Bài giảng nghiệp vụ lễ tân
|c Trần Thanh Thảo Uyên (b.s)
|
| 260 |
# |
# |
|a Đồng Tháp
|c 2017
|
| 300 |
# |
# |
|a 89 tr.
|c 27 cm.
|
| 500 |
# |
# |
|a ĐTTS:Trường Đại Học Đồng Tháp. Khoa Văn hóa - Du lịch
|
| 653 |
# |
# |
|a Bài giảng
|
| 653 |
# |
# |
|a Phục vụ
|
| 653 |
# |
# |
|a Lễ tân
|
| 653 |
# |
# |
|a Giao tiếp
|
| 653 |
# |
# |
|a Du lịch
|
| 852 |
# |
# |
|j KGT.0053152
|j KGT.0053153
|j KGT.0053154
|j KGT.0053155
|j KD.0022367
|j KGT.0053156
|
| 852 |
# |
# |
|b Kho đọc
|j KD.0022367
|
| 852 |
# |
# |
|b Kho mượn
|j KGT.0053152, KGT.0053153, KGT.0053154, KGT.0053155, KGT.0053156
|
| 910 |
|
|
|d 18/09/2017
|
| 980 |
# |
# |
|a Trung tâm Học liệu Lê Vũ Hùng, Trường Đại học Đồng Tháp
|